Top 20 Países más Altos que Anchos - Estadísticas

Estadísticas generales
  • Esta prueba ha sido intentada 2.675 veces
  • La puntuación promedio es 10 de 20
Estadísticas de respuestas
Relación Continente País % Correcto
3.73 América del Sur Chile
100%
2.07 América del Sur Argentina
82%
2.47 Europa Suecia
73%
2.07 Europa Finlandia
70%
2.54 Europa Portugal
67%
3.23 África Togo
57%
1.65 América del Sur Guyana
55%
2.26 África Benín
52%
2.33 Europa Albania
46%
2.00 África Madagascar
46%
2.27 África Malaui
46%
2.49 América del Norte Belice
45%
2.27 Asia Israel
44%
1.73 Asia Myanmar
40%
1.61 África Chad
39%
1.83 Asia Filipinas
36%
2.15 África Túnez
36%
2.07 Asia Catar
30%
1.72 Asia Sri Lanka
30%
1.95 Asia Taiwán
28%
No se encontraron pruebas coincidentes
Distribución de puntuación
Porcentaje de gente con cada puntuación
Porcentaje por número respondido
Historial de tus puntuaciones
No has intentado esta prueba.